000 01029cad a22002535a 4500
001 E152113
008 110201s2010 xxk f 100 0 eng d
020 _a9781842196199
035 _a(Sirsi) u152113
041 0 _aeng
100 1 _aJimenez, Gomez
111 2 _aConstruction and Building Research Conference
_cDauphine Universite, Paris
_d2-3 September 2010
245 0 4 _aThe housing policies of remodeling and urban renewal in Spain and the United States
_ba comparative approach
_h[electronic resource]
260 _aLondon
_bRICS
_c2010
520 _aA paper presented at the COBRA Conference in Paris on 2-3 September 2010.
590 _aKA
650 2 4 _aCONSTRUCTION AND BUILDING RESEARCH CONFERENCE (COBRA)
651 4 _aUnited States
_y1959-
651 4 _aSpain
690 _aPROPERTY-RESIDENTIAL PROPERTY-DOMESTIC RESIDENTIAL PROPERTY-HOUSING
700 1 _aLuisa, Maria
856 4 0 _uhttps://www.rics.org/site/scripts/download_info.aspx?fileID=8036&categoryID=720
_zBroken link - not available
942 _n0
999 _c111866
_d111866